| 000 | 00754nam a2200217 a 4500 | ||
|---|---|---|---|
| 001 | 000013959 | ||
| 005 | 20260317133557.0 | ||
| 008 | 091202s1986 dr a 000 0 spa d | ||
| 040 |
_aDO-SdBNP _bspa _cBNPHU |
||
| 082 |
_a027.57293 _bM533 |
||
| 245 | 0 | 0 | _aMemorias administrativas bibliográficas y culturales de la Biblioteca Nacional. |
| 260 |
_aSanto Domingo, : _bBuho, _c1986. |
||
| 300 |
_a[42 p.] : _bil. ; _c21 cm. |
||
| 490 | 1 | _aOrfeo | |
| 500 | _aGestión de Candido Gerón del 10 de octubre de 1984, al 16 de agosto de 1986. | ||
| 650 | 4 |
_aBibliotecas nacionales _xHistoria _zRepública Dominicana _931626 |
|
| 650 | 4 |
_aAdministración de bibliotecas _xHistoria _931627 |
|
| 650 | 0 |
_aCultura _989224 |
|
| 830 | 0 |
_aOrfeo _918812 |
|
| 049 | _aBNPD | ||
| 999 |
_c13563 _d13563 |
||